000 00326nam a2200145Ia 4500
003 OSt
008 191201s2012 xx 000 0 und d
082 _a621.815
_bGIM
100 _aGILL,P.S.
245 0 _aMachine Drawing
260 _aNew Delhi
_bS.K .Kataria
_c2012
300 _a709
650 _aB.Tech(ME)
942 _2ddc
_cBK
999 _c6410
_d6410